Syndróm vyhorenia u manažérov diplomová práca

Uložené v:
Podrobná bibliografia
Hlavný autor: Belan, Martin
Korporativný autor: Fakulta podnikového manažmentu EU. Katedra manažmentu
Ďalší autori: Gažová Adamková, Hana, 1969-
Médium: Kniha
Jazyk:Slovak
Vydavateľské údaje: Bratislava 2017
Tagy: Pridať tag
Žiadne tagy, Buďte prvý, kto otaguje tento záznam!

MARC

LEADER 00000nbm a2200000 4500
001 0232227
005 20171219093731.5
041 0 |a slo 
044 |a SK 
245 1 0 |a Syndróm vyhorenia u manažérov  |b diplomová práca  |c Martin Belan ; školiteľ: Hana Gažová-Adamková 
264 1 |a Bratislava  |c 2017 
300 |a 70 s. 
100 1 |a Belan, Martin 
700 1 |a Gažová Adamková, Hana, 1969- 
710 2 |a Fakulta podnikového manažmentu EU. Katedra manažmentu